000 00593nam a2200217Ia 4500
003 OSt
005 20220928144051.0
006 a|||||r|||| 00| 0
007 ta
008 220927b |||||||| |||| 00| 0 eng d
024 _a24002
037 _cTextual
040 _aSDCL
_cSDCL
_beng
041 _2eng
_aeng
082 _aX9:8-75, N3
100 _aReading Clive
_9506685
245 0 _aStrategic business planning
_b An action programme for forward-thinking businesses
260 _c1993
942 _hX9:8-75, N3
_cTEXL
_2CC
999 _c825927
_d825927